[Event "26th EUR-ch"]
[Site "Katowice POL"]
[Date "2026.04.19"]
[Round "11.219"]
[White "Zabawski, Grzegorz"]
[Black "Babczynski, Zbigniew"]
[Result "1/2-1/2"]
[WhiteElo "1984"]
[BlackElo "1622"]
[EventDate "2026.04.07"]
[PlyCount "144"]

1.e4 c5 2.Nf3 d6 3.c3 Nf6 4.Be2 Nc6 5.Qc2 Qb6 6.O-O g6 7.Na3 Bg7 8.Nc4 Qc7
9.d3 d5 10.Ne3 dxe4 11.dxe4 O-O 12.Nd5 Nxd5 13.exd5 Ne5 14.Nxe5 Bxe5 15.g3
a6 16.Bf3 Rb8 17.Re1 b5 18.Qe4 Bd6 19.Bg5 Re8 20.Rad1 c4 21.Qh4 Bf5 22.Be4
Bxe4 23.Rxe4 f6 24.Be3 Rbd8 25.Re6 Qc8 26.Bb6 Rd7 27.Qh6 Qb7 28.Qe3 Be5 
29.Qe4 Rd6 30.Rxd6 Bxd6 31.Qe6+ Kg7 32.Bd4 Rd8 33.Re1 Qc8 34.Qe4 Qf5 35.
Qxf5 gxf5 36.f4 Kf7 37.Kf2 Rb8 38.Re6 Rd8 39.b4 cxb3 40.axb3 a5 41.Bb6 Ra8
42.Re2 a4 43.bxa4 Rxa4 44.Rb2 b4 45.c4 b3 46.Rxb3 Rxc4 47.Rd3 Rc2+ 48.Kg1 
Kg6 49.Be3 Kf7 50.Rb3 Ke8 51.Rb7 Ra2 52.Rb5 Kd7 53.Bc5 Bxc5+ 54.Rxc5 Kd6 
55.Rb5 h5 56.h4 Rc2 57.Kf1 Rc5 58.Rb8 Kxd5 59.Kg2 Ke4 60.Rh8 Rc2+ 61.Kh3 
Kf3 62.Ra8 Re2 63.Ra1 e5 64.fxe5 fxe5 65.Ra8 Re1 66.Kh2 Re2+ 67.Kh3 Re1 
68.Kh2 Re2+ 69.Kh3 Rd2 70.Rf8 f4 71.gxf4 exf4 72.Rxf4+ Kxf4 1/2-1/2

[Event "26th EUR-ch"]
[Site "Katowice POL"]
[Date "2026.04.19"]
[Round "11.221"]
[White "Babinska, Liwia"]
[Black "Domoradzki, Tomasz"]
[Result "1-0"]
[WhiteElo "1763"]
[BlackElo "1661"]
[EventDate "2026.04.07"]
[PlyCount "151"]

1.e4 Nf6 2.e5 Nd5 3.c4 Nb6 4.d4 d6 5.exd6 exd6 6.Nf3 Bg4 7.Be2 Be7 8.h3 
Bh5 9.Be3 O-O 10.Nbd2 a5 11.O-O Bg6 12.Re1 Bf6 13.Nf1 Nc6 14.a3 a4 15.Bd3 
Bxd3 16.Qxd3 Na5 17.N1d2 d5 18.c5 Nbc4 19.Nxc4 Nxc4 20.Nd2 Nxd2 21.Qxd2 c6
22.Bf4 Qd7 23.Bd6 Rfe8 24.Qb4 Re6 25.Rxe6 fxe6 26.Re1 Be7 27.Bxe7 Qxe7 28.
Re5 Qf7 29.Qe1 Re8 30.Qe3 Qf6 31.f4 g6 32.g3 Kf7 33.Qc3 Qd8 34.h4 Qa8 35.
Re3 Qa6 36.Kf2 Qb5 37.Qc2 Rd8 38.b3 axb3 39.Rxb3 Qa6 40.Qe2 Qxe2+ 41.Kxe2 
Rd7 42.Kf3 h5 43.a4 Kf6 44.a5 Rd8 45.Rxb7 Ra8 46.Rb6 Rxa5 47.Rxc6 Ra3+ 48.
Kf2 Rd3 49.Rc8 Rxd4 50.c6 Rc4 51.c7 Ke7 52.Rg8 Rxc7 53.Rxg6 Rc3 54.Rg5 Kf6
55.Rxh5 Rc2+ 56.Kf3 Rc3+ 57.Kg4 d4 58.Re5 Rc8 59.Re2 Rd8 60.Rd2 e5 61.Kf3 
exf4 62.Kxf4 Ke6 63.Ke4 Rg8 64.Rg2 Rg4+ 65.Kd3 Kf5 66.Rg1 Kg6 67.Ke2 Kf5 
68.Kf3 Re4 69.g4+ Ke5 70.h5 Re3+ 71.Kf2 Kf4 72.g5 Rf3+ 73.Ke2 Rh3 74.g6 
Rxh5 75.g7 Rh2+ 76.Kd3 1-0

[Event "26th EUR-ch"]
[Site "Katowice POL"]
[Date "2026.04.19"]
[Round "11.224"]
[White "Lewinski, Leon"]
[Black "Vukazic, Zlatko"]
[Result "0-1"]
[WhiteElo "1572"]
[BlackElo "1744"]
[EventDate "2026.04.07"]
[PlyCount "58"]

1.e4 c5 2.Nc3 Nc6 3.g3 g6 4.d3 Bg7 5.Be3 d6 6.Bg2 Rb8 7.Qd2 e6 8.Nge2 Nd4 
9.Bxd4 cxd4 10.Nb5 Qb6 11.Qb4 Ke7 12.Qc4 Bd7 13.a4 Rc8 14.Qb3 e5 15.Na3 
Qxb3 16.cxb3 Nf6 17.O-O Bh6 18.Rad1 Bg4 19.Rfe1 Nd7 20.h3 Be6 21.Nc4 Nc5 
22.Nc1 Bxc1 23.Rxc1 Nxd3 24.Red1 Nxc1 25.Rxc1 a6 26.Rc2 b5 27.axb5 axb5 
28.Na3 Rxc2 29.Nxc2 Bxb3 0-1

[Event "26th EUR-ch"]
[Site "Katowice POL"]
[Date "2026.04.19"]
[Round "11.225"]
[White "Szymura, Oliwia"]
[Black "Jaworski, Pawel"]
[Result "1-0"]
[WhiteElo "1517"]
[BlackElo "1564"]
[EventDate "2026.04.07"]
[PlyCount "187"]

1.e4 e6 2.d3 c5 3.Nd2 b5 4.Ngf3 Nc6 5.g3 g6 6.h4 Bg7 7.h5 Bb7 8.Nb3 d6 9.
Bg2 Qd7 10.Qe2 a6 11.c3 h6 12.hxg6 fxg6 13.d4 c4 14.Nbd2 O-O-O 15.d5 exd5 
16.Bh3 Nf6 17.Bxd7+ Rxd7 18.O-O Re7 19.Qd1 dxe4 20.Nh4 Rd7 21.Nxg6 Rg8 22.
Re1 Ne5 23.Nxe5 dxe5 24.a4 Bf8 25.Qe2 Bc5 26.Nf1 Ng4 27.Be3 Nxe3 28.Nxe3 
Rf7 29.Kg2 Rf3 30.Rad1 Bxe3 31.Qxe3 Rxe3 32.Rxe3 bxa4 33.Rd6 h5 34.Kh3 Rf8
35.Re2 Kc7 36.Rh6 Rf5 37.Kh4 Rf3 38.Rxh5 a3 39.bxa3 Rxc3 40.Rxe5 Kb6 41.g4
Rxa3 42.Rc2 c3 43.g5 Bc6 44.g6 Ba4 45.Rc1 c2 46.g7 Bb3 47.Rxe4 a5 48.Re3 
Ra4+ 49.Kg5 Bf7 50.Rxc2 Ra1 51.Kf6 Bd5 52.Rg3 a4 53.g8=Q Bxg8 54.Rxg8 Rd1 
55.Rb8+ Ka7 56.Rb4 Ra1 57.Rcb2 Ka6 58.Ke5 Ka7 59.Kd5 Ka6 60.Kc5 Ka7 61.Rb5
Ka6 62.Kb4 Ka7 63.Ra5+ Kb6 64.Rxa4 Rh1 65.Rc2 Rb1+ 66.Ka3 Kb5 67.Ra8 Ra1+ 
68.Ra2 Rh1 69.Re8 Kc4 70.Rc2+ Kd3 71.Kb2 Rh7 72.Rc3+ Kd4 73.Kc2 Rh2 74.
Rd3+ Kc5 75.Rc8+ Kb6 76.Rd2 Kb5 77.f4 Rh3 78.Rf2 Ra3 79.Kd2 Ra2+ 80.Ke3 
Ra3+ 81.Ke4 Ra4+ 82.Kf5 Kb4 83.Kg5 Kb3 84.f5 Ra1 85.Rg2 Ra5 86.Kg6 Rd5 87.
f6 Rd6 88.Kg7 Rb6 89.Rc7 Ka4 90.f7 Rb5 91.Ra7+ Kb3 92.f8=Q Rc5 93.Rb7+ Ka4
94.Ra2# 1-0

[Event "26th EUR-ch"]
[Site "Katowice POL"]
[Date "2026.04.19"]
[Round "11.228"]
[White "Grebeniuk, Semen"]
[Black "Nowak, Lukasz"]
[Result "1-0"]
[WhiteElo "2324"]
[BlackElo "2166"]
[EventDate "2026.04.07"]
[PlyCount "107"]

1.e4 c5 2.Nc3 d6 3.g3 g6 4.Bg2 Bg7 5.d3 Nc6 6.Be3 Rb8 7.Nge2 b5 8.Qd2 b4 
9.Nd1 e5 10.O-O Nge7 11.f4 Nd4 12.Nc1 O-O 13.c3 bxc3 14.bxc3 Nb5 15.a4 Nc7
16.fxe5 Bxe5 17.Ne2 Ba6 18.Bh6 Bg7 19.Bxg7 Kxg7 20.Ne3 Qd7 21.Nf4 f6 22.
Bh3 Qe8 23.Rf2 Bc8 24.Bxc8 Qxc8 25.Raf1 Qd7 26.Qa2 Rbd8 27.Qc4 Nc6 28.d4 
Na5 29.Qd3 Qxa4 30.Ned5 c4 31.Qf3 Nxd5 32.Ne6+ Kg8 33.Nxf8 Rxf8 34.exd5 
Nb3 35.Qe3 Qe8 36.Qxe8 Rxe8 37.Rxf6 Rd8 38.Re6 a5 39.Re7 Rf8 40.Rxf8+ Kxf8
41.Rxh7 Nd2 42.Ra7 Ne4 43.Rxa5 Nxc3 44.Ra8+ Ke7 45.Rc8 Nxd5 46.Rxc4 Ne3 
47.Ra4 Ke6 48.Kf2 Ng4+ 49.Kf3 Nxh2+ 50.Kf4 Nf1 51.Ra2 Kd5 52.Rf2 Nxg3 53.
Kxg3 Kxd4 54.Rd2+ 1-0